| 000 | 00654nam a2200229Ia 4500 | ||
|---|---|---|---|
| 003 | OSt | ||
| 005 | 20220926013225.0 | ||
| 006 | a|||||r|||| 00| 0 | ||
| 007 | ta | ||
| 008 | 220923b |||||||| |||| 00| 0 eng d | ||
| 037 | _cGeneral Book | ||
| 040 |
_aRTL _cRTL _beng |
||
| 041 |
_2eng _aeng |
||
| 082 | _aXxN12F:g, N0 | ||
| 100 |
_aHirsch Abraham _9317989 |
||
| 245 | 0 |
_aMilton Frienman _bEconomics in theory and Practice |
|
| 260 |
_aNew York _bHarvester and Practice _c1990 |
||
| 300 |
_a325p _ccm. |
||
| 700 |
_a Marchi _9317990 |
||
| 942 |
_hXxN12F:g, N0 _cGB _2CC |
||
| 999 |
_c625495 _d625495 |
||